000 00258nam a22001217a 4500
008 171027b xxu||||| |||| 00| 0 eng d
041 _aeng
080 _a311
100 _a55
101 _aSTA
245 _aELEMENTARY STATISTICS
_cBLUMAN
942 _2udc
_cBK
999 _c36077
_d36077